Normal view MARC view
  • SAMP early 20th-century Indian books project ;

Entry Uniform Title

Number of records used in: 4

001 - CONTROL NUMBER

  • control field: 5607

003 - CONTROL NUMBER IDENTIFIER

  • control field: NUST

005 - DATE AND TIME OF LATEST TRANSACTION

  • control field: 20171024160515.0

008 - FIXED-LENGTH DATA ELEMENTS

  • fixed length control field: 171024|| aca||aabn | a|a d

040 ## - CATALOGING SOURCE

  • Original cataloging agency: NUST
  • Transcribing agency: NUST

130 ## - HEADING--UNIFORM TITLE

  • Uniform title: SAMP early 20th-century Indian books project ;
  • Form subdivision: item 10017.

670 ## - SOURCE DATA FOUND

  • Source citation: Work cat.: (NUST)0: Beg, Abdulla Anwar. 5606, The poet of the East, 1939.
© 2023 Central Library, National University of Sciences and Technology. All Rights Reserved.